000 00702nam a2200301Ia 4500
005 20260401122311.0
008 008 250103s9999 xx 000 0 eng d
020 _a1890206172
037 _aTB
040 _aEDL
040 _beng
040 _cEDL
041 _2eng
041 _aeng
084 _a759.954147 JAI
084 _qEDL
100 _aJain, Jyotindra
_91233178
245 0 _aKalighat Painting: Images from a Changing World
245 0 _cJain, Jyotindra
260 _aAhmedabad
260 _bMapin publishing Pvt. Ltd.
260 _c1999
300 _a232p
942 _cTB
942 _h759.954147 JAI
999 _c1846346
_d1846346